000 00683nam a2200253Ia 4500
003 OSt
005 20221006142559.0
006 a|||||r|||| 00| 0
007 ta
008 221006b |||||||| |||| 00| 0 eng d
020 _c
_24.45
024 _a6,655
037 _cTextual
040 _aEASL
_cEASL
_beng
041 _2eng
_aeng
082 _aY:60gJ.4.N5, L8
100 _aMiller D. B.
_9138378
245 0 _aPeasants and politics
_b Grass roots reaction to change in Asia
260 _aNew York
_bSt. Martin Press
_c1978
300 _a218p.
_ccm.
490 _v Oth
942 _hY:60gJ.4.N5, L8
_cTEXL
_2CC
999 _c1074741
_d1074741